000 00223nam a22000977a 4500
999 _c521579
_d521579
082 _aTNC P Si64
100 _aSingh, Amrik
_935450
245 _aThe Challenge Of Eduction
260 _aNew delhi
_bICFAI
_c2004
300 _a211p.